|
|
|
|
| LEADER |
01065nam a2200265 u 4500 |
| 001 |
10112038 |
| 003 |
upatras |
| 005 |
20210117204932.0 |
| 008 |
140224s1977 us eng |
| 020 |
|
|
|a 0446897965
|
| 040 |
|
|
|a GR-PaULI
|c GR-PaULI
|
| 041 |
0 |
|
|a eng
|
| 082 |
0 |
4 |
|a 629.41
|
| 100 |
1 |
|
|a Berry, Adrian
|d 1937-
|4 aut
|9 136795
|
| 245 |
1 |
0 |
|a The iron sun
|b crossing the universe through black holes
|c Adrian Berry
|
| 260 |
|
|
|a New York
|b Warner Books
|c 1977
|
| 300 |
|
|
|a 189 σ.
|c 18 εκ.
|
| 504 |
|
|
|a Περιέχει βιβλιογραφία και ευρετήριο
|
| 650 |
|
4 |
|a Διαπλανητικά ταξίδια
|9 133075
|
| 650 |
|
4 |
|a Μαύρη τρύπα (Αστρονομία)
|9 336
|
| 852 |
|
|
|a GR-PaULI
|b ΠΑΤΡΑ
|b ΒΚΠ
|b ΑΝΤ
|k ΟΧΙΔ
|h 629.41 BER
|m 049941
|p 025000066969
|t 1
|
| 942 |
|
|
|2 ddc
|c BKN
|
| 952 |
|
|
|0 0
|1 0
|4 0
|6 629_410000000000000_BER
|7 0
|9 163578
|a LISP
|b LISP
|c DON
|d 2016-04-24
|i 049941
|l 0
|o 629.41 BER
|p 025000066969
|r 2016-04-24 00:00:00
|t 1
|w 2016-04-24
|y BKN
|
| 998 |
|
|
|c ΜΠΟΥΡΑΣ
|d 2014-02
|
| 999 |
|
|
|c 102593
|d 102593
|